000 02417nam a2200421 c 4500
003 BLK
005 20180421000604.0
008 180411b bul|||||r ||||||| ||bul||
010 _aKNG00198703000
020 _a978-619-160-564-4
_bиздат.: Авангард Прима
040 _aBLK
041 _aBUL
_cBUL
072 7 _2bullib
_aН33
_xИкономика Н
080 _aТуризмът от стопанско гледище. Политика по отношение на туризма. Икономика и организация на туризма. Вътрешен и международен туризъм. Вж и 379.8
_b338.48
_x
_z338.48
080 _aПравителствени кризи. Парламентарни кризи
_b328.16
_x
_z328.16
080 _aСтопански кризи. Депресии
_b338.124.4
_x
_z338.124.4
080 _aПазар. Анализ на пазара. Търсене. Предлагане. Конкуренция. Маркетингова логистика
_b339.13
_x
_z339.13
100 1 _aКръстева, Невяна Стефанова
_eпърви автор
_9258568
139 _aКръстева, Невяна Стефанова
_bК 92
245 1 0 _aВраг пред портата
_bАнализ и оценка на влиянието на полит. среда върху маркетинга в туризма
_cНевяна Стефанова Кръстева.
257 _aBGR
260 София
_bАвангард Прима
_c2015
300 _a332 с.
_bс табл., ил., диагр.
_c21 см
380 _a3
500 _aБиогр. данни за авт. отбелязани на гърба на кор. - Библиогр. с. 321-331. - Рез. на англ. ез.
650 4 _aТуризъм, международен - управление и организация
_9344914
650 4 _aПолитически кризи - икономически проблеми
_9344915
650 4 _aМаркетинг - международен туризъм
_9262289
653 _aмеждународен туризъм
653 _aполитически кризи
653 _aмаркетинг
659 _aН
852 _aЦб 283775
856 4 _qpdf
_u
856 4 _qpdf
_u
942 _cKNG
_n0
944 _aCR
_c20.12.2016
_lф /
_kВиолета_Тройчева
944 _aED
_c06.01.2017
_lф /
_kЛюдмила_Стоянова
999 _c189658
_d189658